Jainism and ecology : (Record no. 1680149)
[ view plain ]
| 000 -LEADER | |
|---|---|
| fixed length control field | 00669cam a22001934a 4500 |
| 001 - CONTROL NUMBER | |
| control field | 12685191 |
| 003 - CONTROL NUMBER IDENTIFIER | |
| control field | OSt |
| 005 - DATE AND TIME OF LATEST TRANSACTION | |
| control field | 20260224150338.0 |
| 008 - FIXED-LENGTH DATA ELEMENTS--GENERAL INFORMATION | |
| fixed length control field | 020215s2002 mau b 001 0 eng |
| 020 ## - INTERNATIONAL STANDARD BOOK NUMBER | |
| International Standard Book Number | 9788120820456 |
| 040 ## - CATALOGING SOURCE | |
| Transcribing agency | HDL |
| Language of cataloging | eng |
| 082 00 - DEWEY DECIMAL CLASSIFICATION NUMBER | |
| Classification number | 294.407 P6 |
| 245 00 - TITLE STATEMENT | |
| Title | Jainism and ecology : |
| Remainder of title | nonviolence in the web of life / |
| Statement of responsibility, etc. | edited by Christopher Key Chapple. |
| 260 ## - PUBLICATION, DISTRIBUTION, ETC. | |
| Place of publication, distribution, etc. | Cambridge, MA : |
| Name of publisher, distributor, etc. | Center for the Study of World Religions, Harvard Divinity School : |
| -- | distributed by Harvard University Press, |
| Date of publication, distribution, etc. | 2002. |
| 300 ## - PHYSICAL DESCRIPTION | |
| Extent | xliv, 252 p. ; |
| Dimensions | 24 cm. |
| 700 1# - ADDED ENTRY--PERSONAL NAME | |
| Personal name | Chapple, Christopher Key, |
| Dates associated with a name | 1954- |
| 9 (RLIN) | 1116555 |
| 942 ## - ADDED ENTRY ELEMENTS (KOHA) | |
| Source of classification or shelving scheme | Colon Classification (CC) |
| Koha item type | Textual |
| Suppress in OPAC | No |
| Withdrawn status | Lost status | Source of classification or shelving scheme | Damaged status | Not for loan | Home library | Current library | Date acquired | Total Checkouts | Date last seen | Price effective from | Koha item type |
|---|---|---|---|---|---|---|---|---|---|---|---|
| Colon Classification (CC) | Department of History Library | Department of History Library | 2026-02-24 | 2026-02-24 | 2026-02-24 | Textual |
